Academic writing for international students of business / (Record no. 17393)
[ view plain ]
| 000 -LEADER | |
|---|---|
| fixed length control field | 01615cam a22003135a 4500 |
| 001 - CONTROL NUMBER | |
| control field | 16169587 |
| 003 - CONTROL NUMBER IDENTIFIER | |
| control field | EG-ScBUE |
| 005 - DATE AND TIME OF LATEST TRANSACTION | |
| control field | 20200111124252.0 |
| 008 - FIXED-LENGTH DATA ELEMENTS--GENERAL INFORMATION | |
| fixed length control field | 100402s2011 enka f b 001 0 eng d |
| 020 ## - INTERNATIONAL STANDARD BOOK NUMBER | |
| International Standard Book Number | 9780415564717 (pbk.) |
| 040 ## - CATALOGING SOURCE | |
| Original cataloging agency | EG-ScBUE |
| Language of cataloging | eng |
| Description conventions | rda |
| Transcribing agency | EG-ScBUE |
| Modifying agency | EG-ScBUE |
| 082 04 - DEWEY DECIMAL CLASSIFICATION NUMBER | |
| Classification number | 808.06665 |
| Item number | BAI |
| Edition number | 22 |
| 100 1# - MAIN ENTRY--PERSONAL NAME | |
| Personal name | Bailey, Stephen, |
| Dates associated with a name | 1947- |
| Relator term | author. |
| 9 (RLIN) | 32948 |
| 245 10 - TITLE STATEMENT | |
| Title | Academic writing for international students of business / |
| Statement of responsibility, etc | Stephen Bailey. |
| 250 ## - EDITION STATEMENT | |
| Edition statement | First edition. |
| 264 #1 - PUBLICATION, DISTRIBUTION, ETC. (IMPRINT) | |
| Place of publication, distribution, etc | Milton Park, Abingdon ; |
| -- | New York : |
| Name of publisher, distributor, etc | Routledge, Taylor and Francis Group, |
| Date of publication, distribution, etc | 2011. |
| 300 ## - PHYSICAL DESCRIPTION | |
| Extent | xviii, 317 pages : |
| Other physical details | illustrations ; |
| Dimensions | 25 cm |
| 336 ## - CONTENT TYPE | |
| Source | rdacontent |
| Content type term | text |
| Content type code | txt |
| 337 ## - MEDIA TYPE | |
| Source | rdamedia |
| Media type term | unmediated |
| Media type code | n |
| 338 ## - CARRIER TYPE | |
| Source | rdacarrier |
| Carrier type term | volume |
| Carrier type code | nc |
| 500 ## - GENERAL NOTE | |
| General note | Includes index. |
| 520 ## - SUMMARY, ETC. | |
| Summary, etc | Academic Writing in a Global Context addresses the issue of the pressure on academics worldwide to produce their work in English in scholarly publishing, and why the growth of the use of academic English matters. Drawing on an eight year 'text-ethnographic' study of the experiences of fifty scholars working in Europe, this book discusses these questions at both a macro and micro level - through discussions of knowledge evaluation systems on all levels, and analysis of the progress of a text towards publication. In addition to this, case studies of individual scholars. |
| 590 ## - LOCAL NOTE (RLIN) | |
| Local note | Mohamed. |
| 650 #7 - SUBJECT ADDED ENTRY--TOPICAL TERM | |
| Topical term or geographic name as entry element | Academic writing. |
| Source of heading or term | BUEsh |
| 9 (RLIN) | 32950 |
| 650 #7 - SUBJECT ADDED ENTRY--TOPICAL TERM | |
| Topical term or geographic name as entry element | Business writing. |
| Source of heading or term | BUEsh |
| 9 (RLIN) | 32951 |
| 653 ## - INDEX TERM--UNCONTROLLED | |
| Resource For college | Humanities: English |
| Arrived date list | March2013 |
| -- | July2019 |
| 655 ## - INDEX TERM--GENRE/FORM | |
| Form subdivision | Reading book |
| 942 ## - ADDED ENTRY ELEMENTS (KOHA) | |
| Source of classification or shelving scheme | Dewey Decimal Classification |
| Call number prefix | 808.06665 BAI |
| Koha item type | Book - Borrowing |
| Withdrawn status | Lost status | Source of classification or shelving scheme | Damaged status | Not for loan | Collection code | Home library | Current library | Shelving location | Date acquired | Source of acquisition | Total Checkouts | Total Renewals | Full call number | Barcode | Date last seen | Date checked out | Price effective from | Koha item type |
|---|---|---|---|---|---|---|---|---|---|---|---|---|---|---|---|---|---|---|
| Dewey Decimal Classification | Baccah | Central Library | Central Library | Second Floor | 21/03/2013 | 5 | 4 | 808.06665 BAI | 000028598 | 15/07/2025 | 07/02/2018 | 21/03/2013 | Book - Borrowing | |||||
| Dewey Decimal Classification | Baccah | Central Library | Central Library | Second Floor | 21/03/2013 | 4 | 6 | 808.06665 BAI | 000028599 | 15/07/2025 | 23/04/2017 | 21/03/2013 | Book - Borrowing | |||||
| Dewey Decimal Classification | Baccah | Central Library | Central Library | Second Floor | 21/03/2013 | 2 | 4 | 808.06665 BAI | 000028600 | 15/07/2025 | 16/04/2018 | 21/03/2013 | Book - Borrowing |